000 00275nam a2200109Ia 4500
005 20251222114353.0
008 251222s1900||||xx |||||||||||||| ||spa||
082 _aDVD0195/G14/2001
245 0 _aGalileo y las fronteras del cosmos
264 _bCentro Producciones
942 _cDVD
999 _c1337
_d1337